MARC details
| 000 -LEADER |
| fixed length control field |
01877cam a2200469 4500 |
| 001 - CONTROL NUMBER |
| control field |
21717 |
| 003 - CONTROL NUMBER IDENTIFIER |
| control field |
VRT |
| 005 - DATE AND TIME OF LATEST TRANSACTION |
| control field |
20260309102534.0 |
| 008 - FIXED-LENGTH DATA ELEMENTS--GENERAL INFORMATION |
| fixed length control field |
051208s2004 xr a ar 000 j slo |
| 015 ## - NATIONAL BIBLIOGRAPHY NUMBER |
| National bibliography number |
SNBZSA2022/10 |
| 020 ## - INTERNATIONAL STANDARD BOOK NUMBER |
| International Standard Book Number |
8071819735 |
| Qualifying information |
(viazané) |
| 039 #9 - LEVEL OF BIBLIOGRAPHIC CONTROL AND CODING DETAIL [OBSOLETE] |
| Level of rules in bibliographic description |
202401271824 |
| Level of effort used to assign nonsubject heading access points |
AUTHORITY |
| Level of effort used to assign subject headings |
202210031513 |
| Level of effort used to assign classification |
msnk167 |
| Level of effort used to assign subject headings |
202203171500 |
| Level of effort used to assign classification |
msnk03 |
| Level of effort used to assign subject headings |
200804231453 |
| Level of effort used to assign classification |
mbpksh01 |
| 040 ## - CATALOGING SOURCE |
| Original cataloging agency |
VTHK |
| Language of cataloging |
slo |
| Transcribing agency |
VTHK |
| Modifying agency |
SNK |
| Description conventions |
rda |
| 041 1# - LANGUAGE CODE |
| Language code of text/sound track or separate title |
slo |
| Language code of original |
fre |
| 044 ## - COUNTRY OF PUBLISHING/PRODUCING ENTITY CODE |
| MARC country code |
xr |
| ISO country code |
SK |
| 072 #7 - SUBJECT CATEGORY CODE |
| Subject category code |
821.133.1-3 |
| Subject category code subdivision |
Francúzska próza, francúzsky písaná |
| Source |
konspekt |
| 072 #7 - SUBJECT CATEGORY CODE |
| Subject category code |
821-93 |
| Subject category code subdivision |
Literatúra pre deti a mládež (beletria) |
| Source |
konspekt |
| 080 ## - UNIVERSAL DECIMAL CLASSIFICATION NUMBER |
| Universal Decimal Classification number |
821.133.1-34 |
| Edition identifier |
2011 |
| 080 ## - UNIVERSAL DECIMAL CLASSIFICATION NUMBER |
| Universal Decimal Classification number |
82-93-053.4/.5 |
| Edition identifier |
2011 |
| 100 1# - MAIN ENTRY--PERSONAL NAME |
| Personal name |
Jost, Alain |
| Relationship |
aut |
| 240 10 - UNIFORM TITLE |
| Uniform title |
Une anée dans la famille souris |
| Language of a work |
Slovensky |
| 245 10 - TITLE STATEMENT |
| Title |
Dobrodružstvo s myškami |
| Statement of responsibility, etc. |
námet knihy a ilustrácie Carlos Busquets ; autor textu Alain Jost ; z francúzskeho originálu Une anée dans la famille souris ... preložila Oľga Škodáčková |
| 250 ## - EDITION STATEMENT |
| Edition statement |
1. slovenské vydanie |
| 264 #1 - PRODUCTION, PUBLICATION, DISTRIBUTION, MANUFACTURE, AND COPYRIGHT NOTICE |
| Place of production, publication, distribution, manufacture |
Praha |
| Name of producer, publisher, distributor, manufacturer |
Ottovo nakladatelství |
| Date of production, publication, distribution, manufacture, or copyright notice |
2004 |
| 300 ## - PHYSICAL DESCRIPTION |
| Extent |
96 strán |
| Other physical details |
ilustrácie |
| Dimensions |
30 cm |
| 336 ## - CONTENT TYPE |
| Content type term |
text |
| Content type code |
txt |
| Source |
rdacontent |
| 336 ## - CONTENT TYPE |
| Content type term |
statický obraz |
| Content type code |
sti |
| Source |
rdacontent |
| 337 ## - MEDIA TYPE |
| Media type term |
bez média |
| Media type code |
n |
| Source |
rdamedia |
| 338 ## - CARRIER TYPE |
| Carrier type term |
zväzok |
| Carrier type code |
nc |
| Source |
rdacarrier |
| 500 ## - GENERAL NOTE |
| General note |
Preložené z francúzštiny |
| 655 #7 - INDEX TERM--GENRE/FORM |
| Genre/form data or focus term |
francúzske rozprávky |
| Source of term |
SNKPH |
| 655 #7 - INDEX TERM--GENRE/FORM |
| Genre/form data or focus term |
French fairy tales |
| Source of term |
SNKPHeng |
| 655 #7 - INDEX TERM--GENRE/FORM |
| Genre/form data or focus term |
literatúra pre deti |
| Source of term |
SNKPH |
| 655 #7 - INDEX TERM--GENRE/FORM |
| Genre/form data or focus term |
Children's literature |
| Source of term |
SNKPHeng |
| 700 1# - ADDED ENTRY--PERSONAL NAME |
| Personal name |
Busquets, Carlos |
| Relationship |
ill |
| 700 1# - ADDED ENTRY--PERSONAL NAME |
| Personal name |
Škodáčková, Oľga |
| Relationship |
trl |
| 942 ## - ADDED ENTRY ELEMENTS (KOHA) |
| Source of classification or shelving scheme |
Dewey Decimal Classification |
| Koha item type |
Krásna literatúra pre deti |
| Suppress in OPAC |
No |
| 949 ## - LOCAL PROCESSING INFORMATION (OCLC) |
| 6 |
17A1470207 |
| a |
snkSB 97934 |
| b |
snk2022/4077 |
| o |
17/22 - em |
| s |
6100:20250128 |
| 949 ## - LOCAL PROCESSING INFORMATION (OCLC) |
| 6 |
17A1525775 |
| a |
snkSB 97934 D1 |
| b |
snk2023/3111 |
| o |
25/23 - em |
| 949 ## - LOCAL PROCESSING INFORMATION (OCLC) |
| 6 |
3869A02924 |
| a |
bpksh821.133.1-32 |
| b |
bpksh53516 |
| 949 ## - LOCAL PROCESSING INFORMATION (OCLC) |
| 6 |
3869A18443 |
| a |
bpksh821.133.1-34 |
| b |
bpksh69043 |